The work of the National Child Labor Committee, 1904 to 1929. (Record no. 21166)

MARC details
000 -LEADER
fixed length control field 00702cam a22002171 4500
001 - CONTROL NUMBER
control field e 32000016
003 - CONTROL NUMBER IDENTIFIER
control field DLC
005 - DATE AND TIME OF LATEST TRANSACTION
control field 20260227111221.0
008 - FIXED-LENGTH DATA ELEMENTS--GENERAL INFORMATION
fixed length control field 800320s1929 nyu 000 0 eng
010 ## - LIBRARY OF CONGRESS CONTROL NUMBER
LC control number e 32000016
035 ## - SYSTEM CONTROL NUMBER
System control number (OCoLC)6108211
040 ## - CATALOGING SOURCE
Original cataloging agency DLC
Transcribing agency Vi
Modifying agency OCoLC
-- DLC
050 00 - LIBRARY OF CONGRESS CALL NUMBER
Classification number HD6250.U3
Item number N2 no. 353
110 2# - MAIN ENTRY--CORPORATE NAME
Corporate name or jurisdiction name as entry element National Child Labor Committee (U.S.)
245 04 - TITLE STATEMENT
Title The work of the National Child Labor Committee, 1904 to 1929.
260 ## - PUBLICATION, DISTRIBUTION, ETC.
Place of publication, distribution, etc. [New York, N.Y.,
Name of publisher, distributor, etc. Herald-Nathan Press, inc.,
Date of publication, distribution, etc. 1929?]
300 ## - PHYSICAL DESCRIPTION
Extent 1 p. l., 12 p., 1 l.
Other physical details diagrs.
Dimensions 23 cm.
490 0# - SERIES STATEMENT
Series statement Publication
Volume/sequential designation no. 353
650 #0 - SUBJECT ADDED ENTRY--TOPICAL TERM
Topical term or geographic name entry element Child labor
Geographic subdivision United States.
710 2# - ADDED ENTRY--CORPORATE NAME
Corporate name or jurisdiction name as entry element National Child Labor Committee (U.S.)

No items available.

Powered by Koha